| 000 | 00479nam a2200133Ia 4500 | ||
|---|---|---|---|
| 008 | 231217s9999 xx 000 0 und d | ||
| 041 | _aEnglish | ||
| 082 | _a658.076 BRI;2 R1 | ||
| 100 | _aBright, P S | ||
| 245 | 0 | _aGeneral awareness kit for banking services recruitment boards, UPSC, MBA, CAT, MAT, staff selection board and similar other exams | |
| 250 | _a2nd ed. | ||
| 650 | _arecruitment,boards,,UPSC,,MBA,,CAT,,MAT,,staff,selection,board,similar,exams | ||
| 942 | _cAA | ||
| 999 |
_c174914 _d174914 |
||